000 00549nam a2200205Ia 4500
005 20250326144942.0
008 250326s9999 xx 000 0 und d
020 _a81-7194-390-X
037 _aTextbook
040 _aFMSL
_beng
_cFMSL
041 _aeng
_2eng
084 _aX72g P5
_qFMSL
100 _aSinghania V K
245 0 _aDirect takes: law & practice
_cSinghania V K; Singhania K
250 _a34
260 _aNew Delhi
_bNew Delhi, Taxmann
_c2005
300 _avp
942 _cTB
_hX72g P5
999 _c1305768
_d1305768